| 000 | 00343nam a2200133Ia 4500 | ||
|---|---|---|---|
| 005 | 20251222143234.0 | ||
| 008 | 251222s9999||||xx |||||||||||||| ||spa|| | ||
| 020 | _a0-89195-256-X | ||
| 082 | _a338.9/O21 | ||
| 100 | _aO'Driscoll, Gerald P. | ||
| 245 | 0 | _aÍndice de Libertad Económica 2002 | |
| 264 | _bThe Heritage Foundation | ||
| 942 | _cLIB | ||
| 999 |
_c14298 _d14298 |
||